书目信息 |
| 题名: |
《去吧, 摩西》新论
|
|
| 作者: | 瓦格纳-马丁 著 | |
| 分册: | ||
| 出版信息: | 北京 北京大学出版社 2007.01 |
|
| 页数: | 159页 | |
| 开本: | 23cm | |
| 丛书名: | 剑桥美国小说新论 | |
| 单 册: | ||
| 中图分类: | I712.074 | |
| 科图分类: | ||
| 主题词: | 长篇小说--chang pian xiao shuo--文学研究--美国--现代 | |
| 电子资源: | ||
| ISBN: | 978-7-301-11409-4 | |
| 000 | 01104nam 2200277 450 | |
| 001 | 012007582391 | |
| 005 | 20070926171255.85 | |
| 010 | @a978-7-301-11409-4@dCNY22.00 | |
| 100 | @a20070724d2007 km y0chiy0120 ea | |
| 101 | 0 | @aeng |
| 102 | @aCN@b110000 | |
| 105 | @ay a 000ay | |
| 200 | 1 | @a《去吧, 摩西》新论@A《qu ba,mo xi》xin lun@fLinda Wagner-Martin著@FLinda Wagner-Martin zhu |
| 205 | @a影印版 | |
| 210 | @a北京@c北京大学出版社@d2007.01 | |
| 215 | @a159页@d23cm | |
| 225 | 2 | @a剑桥美国小说新论@Ajian qiao mei guo xiao shuo xin lun@v27 |
| 314 | @a责任者规范汉译姓为 : 瓦格纳-马丁。 | |
| 320 | @a有书目。 | |
| 330 | @a二战中完成的小说<去吧,摩西>(1942年),是福克纳最痛苦的沉默期中的一部作品,在这个伟大美国南方作家巨大的文学成就中该书遭到批评和忽视。本书的一个目的就是纠正这一偏见,通过提出有挑战性的问题促使读者超越平常的理解。 | |
| 410 | 0 | @12001 @a剑桥美国小说新论 |
| 606 | 0 | @a长篇小说@Achang pian xiao shuo@x文学研究@y美国@z现代 |
| 690 | @aI712.074@v4 | |
| 701 | 1 | @a瓦格纳-马丁@Awa ge na-ma ding@g(Wagner-Martin, Linda)@4著 |
| 801 | 0 | @aCN@c20070926 |
| 905 | @dI712.074@eW005 | |
| 《去吧, 摩西》新论/Linda Wagner-Martin著.-影印版.-北京:北京大学出版社,2007.01 |
| 159页;23cm.-(剑桥美国小说新论;27) |
| ISBN 978-7-301-11409-4:CNY22.00 |
| 二战中完成的小说<去吧,摩西>(1942年),是福克纳最痛苦的沉默期中的一部作品,在这个伟大美国南方作家巨大的文学成就中该书遭到批评和忽视。本书的一个目的就是纠正这一偏见,通过提出有挑战性的问题促使读者超越平常的理解。 |
| ● |
| 相关链接 |
|
|
|
正题名:《去吧, 摩西》新论
索取号:I712.074/W005
 
预约/预借
| 序号 | 登录号 | 条形码 | 馆藏地/架位号 | 状态 | 备注 |
| 1 | 247233 | 202472332 | 社科二线422/422社科库 5排2列5层/ [索取号:I712.074/W005] | 在馆 | |
| 2 | 247234 | 202472341 | 文学库116/116文学库 25排3列4层/ [索取号:I712.074/W005] | 在馆 | |
| 3 | 247235 | 202472350 | 文学库116/116文学库 25排3列4层/ [索取号:I712.074/W005] | 在馆 |